RICS/CASLE: Surveying 2000: London 3-8 September 1990: Technical Seminar and 6th General Assembly. (Record no. 89427)

MARC details
000 -LEADER
fixed length control field 01895cam a2200325 4500
001 - CONTROL NUMBER
control field M1031
008 - FIXED-LENGTH DATA ELEMENTS--GENERAL INFORMATION
fixed length control field 090401t1990 xxu||||| |||| 00| 0 eng d
035 ## - SYSTEM CONTROL NUMBER
System control number (Sirsi) u29517
041 ## - LANGUAGE CODE
Language code of text/sound track or separate title eng
050 ## - LIBRARY OF CONGRESS CALL NUMBER
Classification number 333.0061
110 ## - MAIN ENTRY--CORPORATE NAME
Corporate name or jurisdiction name as entry element Royal Institution of Chartered Surveyors
9 (RLIN) 4900
245 ## - TITLE STATEMENT
Title RICS/CASLE: Surveying 2000: London 3-8 September 1990: Technical Seminar and 6th General Assembly.
260 ## - PUBLICATION, DISTRIBUTION, ETC.
Date of publication, distribution, etc. 1990
300 ## - PHYSICAL DESCRIPTION
Extent 262p. ; 30cm.
350 ## - PRICE (NR) (BK AM CF MU VM SE) [OBSOLETE]
Price 0
520 ## - SUMMARY, ETC.
Summary, etc. Papers:- Managing land use and development/ Pearce, D.N. Idris, Sir - The cadastre as a tool of resource management/ Holstein, Lynn - Managing marine resources/ King, John - Urban infrastructure and public investment/ Howes, Christopher - Annacis Island/ Delmotte, Daryl J.A. - Public and private sector partnership.../ Metcalfe, John - It is common practice nowadays for public authorities and private organisations to undertake joint ventures for the promotion and implementation of development projects/ Anderson, Graham - The City of London/ Hartill, E.T. - Environmental impact assessment/ Lichfield, Nathaniel - IT: the present state of the art.../ McClaren, Robin A. - Comparison of relational and object-oriented models for spatial data/ Lee, Y.C. - Progress in LIS in Singapore/ Goh, Pong-Chai - Institutional issues in the exchange of data/ Dale, Peter F. - Toward a new curriculum.../ McLaughlin J. & Nichols, S. - Continuing professional development/ Vine, Dennis - Development project
650 ## - SUBJECT ADDED ENTRY--TOPICAL TERM
Topical term or geographic name entry element CASLE
650 ## - SUBJECT ADDED ENTRY--TOPICAL TERM
Topical term or geographic name entry element COMPUTERS
650 ## - SUBJECT ADDED ENTRY--TOPICAL TERM
Topical term or geographic name entry element CONFERENCES
650 ## - SUBJECT ADDED ENTRY--TOPICAL TERM
Topical term or geographic name entry element CPD
650 ## - SUBJECT ADDED ENTRY--TOPICAL TERM
Topical term or geographic name entry element CAREERS, EDUCATION AND TRAINING
650 ## - SUBJECT ADDED ENTRY--TOPICAL TERM
Topical term or geographic name entry element ENVIRONMENTAL ASSESSMENT
650 ## - SUBJECT ADDED ENTRY--TOPICAL TERM
Topical term or geographic name entry element INVESTMENT
650 ## - SUBJECT ADDED ENTRY--TOPICAL TERM
Topical term or geographic name entry element MANAGEMENT-PROJECT MANAGEMENT
650 ## - SUBJECT ADDED ENTRY--TOPICAL TERM
Topical term or geographic name entry element RESOURCES
650 ## - SUBJECT ADDED ENTRY--TOPICAL TERM
Topical term or geographic name entry element SURVEYORS
710 ## - ADDED ENTRY--CORPORATE NAME
Corporate name or jurisdiction name as entry element Commonwealth Association of Surveying and Land Economy
9 (RLIN) 2570
942 ## - ADDED ENTRY ELEMENTS (KOHA)
Suppress in OPAC 0
948 ## - LOCAL PROCESSING INFORMATION (OCLC); SERIES PART DESIGNATOR (RLIN)
c (OCLC) 04/03/1997
Holdings
Withdrawn status Lost status Source of classification or shelving scheme Damaged status Not for loan Home library Current library Shelving location Date acquired Total Checkouts Full call number Barcode Date last seen Date last checked out Copy number Price effective from Koha item type
    Dewey Decimal Classification     London London Basement 09/11/1992 2 SHELF 328 30043258 06/08/2019 26/11/1999 1 06/08/2019 Book
    Dewey Decimal Classification     London London Basement 09/11/1992 2 SHELF 328 30043275 06/08/2019 26/11/1999 2 06/08/2019 Book